British international law cases : (Record no. 45623)
[ view plain ]
| 000 -LEADER | |
|---|---|
| fixed length control field | 01728nam a2200265 a 4500 |
| 001 - CONTROL NUMBER | |
| control field | 45623 |
| 003 - CONTROL NUMBER IDENTIFIER | |
| rucl marc code | BD-RjUL |
| 005 - DATE AND TIME OF LATEST TRANSACTION | |
| control field | 20211209054038.0 |
| 008 - FIXED-LENGTH DATA ELEMENTS--GENERAL INFORMATION | |
| fixed length control field | 160727s1965 enk 001 0 eng |
| 035 ## - SYSTEM CONTROL NUMBER | |
| System control number | (BD-RjUL)45741 |
| 040 ## - CATALOGING SOURCE | |
| Original cataloging agency | DLC |
| Transcribing agency | AUM |
| Modifying agency | NRC |
| -- | BD-RjUL |
| Language of cataloging | eng |
| 041 ## - LANGUAGE CODE | |
| Language code of text/sound track or separate title | eng |
| 082 ## - DEWEY DECIMAL CLASSIFICATION NUMBER | |
| Classification number | 341 |
| Edition number | 23 |
| Author mark and year | BRI 1965-1967 |
| 245 00 - TITLE STATEMENT | |
| Title | British international law cases : |
| Remainder of title | a collection of decisions of courts in the British Isles on points of international law / |
| Statement of responsibility, etc. | prepared under the auspices of the International Law Fund and the British Institute of International and Comparative Law. |
| 260 ## - PUBLICATION, DISTRIBUTION, ETC. (IMPRINT) | |
| Place of publication, distribution, etc. | London : |
| Name of publisher, distributor, etc. | Stevens & sons ; |
| Place of publication, distribution, etc. | New York : |
| Name of publisher, distributor, etc. | Oceana Publications, |
| Date of publication, distribution, etc. | 1963-1967 |
| 300 ## - PHYSICAL DESCRIPTION | |
| Pagination | v. ; |
| Size | 26 cm. |
| 490 ## - SERIES STATEMENT | |
| Series statement | British Institute studies in international and comparative law ; |
| Volume/sequential designation | no. 1 |
| 500 ## - GENERAL NOTE | |
| General note | "Confined to reports of decisions of municipal tribunals sitting within the British Isles, including, however, the Judicial Committee of the Privy Council"--Vol. 1, p. ix. |
| 505 0# - FORMATTED CONTENTS NOTE | |
| Formatted contents note | v. 1. States as international persons -- v. 2. States as international persons (cont.). State territory -- v. 3. Jurisdiction -- v. 4. The individual in international law -- v. 5. The individual in international law (continued). Aliens: extradition: Fugitive offenders -- v. 6. Diplomatic and consular Agents, Treaties, Addendum -- v. 7. Supplementary, 1951-1960 -- v. 8. Supplementary, 1960-1965 -- v. 9. Supplementary, 1966-1970. |
| 650 #0 - SUBJECT ADDED ENTRY--TOPICAL TERM | |
| Topical term or geographic name as entry element | International law |
| Geographic subdivision | Great Britain |
| General subdivision | Cases. |
| 9 (RLIN) | 139661 |
| 710 2# - ADDED ENTRY--CORPORATE NAME | |
| Corporate name or jurisdiction name as entry element | International Law Fund. |
| 9 (RLIN) | 139662 |
| Corporate name or jurisdiction name as entry element | British Institute of International and Comparative Law. |
| 9 (RLIN) | 139663 |
| 830 #0 - SERIES ADDED ENTRY--UNIFORM TITLE | |
| Uniform title | British Institute studies in international and comparative law ; |
| Volume number/sequential designation | no. 1 |
| 942 ## - ADDED ENTRY ELEMENTS (KOHA) | |
| Source of classification or shelving scheme | Dewey Decimal Classification |
| Koha item type | Books |
| Lost status | Source of classification or shelving scheme | Damaged status | Not for loan | Collection code | Permanent Location | Current Location | Shelving location | Date acquired | Source of acquisition | Total Checkouts | Full call number | Date last seen | Copy number | Koha item type |
|---|---|---|---|---|---|---|---|---|---|---|---|---|---|---|
| Dewey Decimal Classification | Non-fiction | Central Library, University of Rajshahi | Central Library, University of Rajshahi | 12/01/1972 | Zeitlinger | 341 BRI V-2 1965 | 27/07/2016 | C-2 | Books | |||||
| Dewey Decimal Classification | Not For Loan | Non-fiction | Central Library, University of Rajshahi | Central Library, University of Rajshahi | Reading Room | 11/08/1971 | zeitlinger | 341 BRI V-5 1967 | 02/08/2016 | C-1 | Books | |||
| Dewey Decimal Classification | Not For Loan | Non-fiction | Central Library, University of Rajshahi | Central Library, University of Rajshahi | Reading Room | 12/01/1972 | zeitlinger | 341 BRI V-3 1965 | 02/08/2016 | C-1 | Books | |||
| Dewey Decimal Classification | Not For Loan | Non-fiction | Central Library, University of Rajshahi | Central Library, University of Rajshahi | Reading Room | 12/01/1972 | zeitlinger | 341 BRI V-1 1963 | 02/08/2016 | C-1 | Books | |||
| Dewey Decimal Classification | Not For Loan | Non-fiction | Central Library, University of Rajshahi | Central Library, University of Rajshahi | Reading Room | 11/08/1971 | zeitlinger | 341 BRI V-6 1967 | 02/08/2016 | C-1 | Books | |||
| Dewey Decimal Classification | Not For Loan | Non-fiction | Central Library, University of Rajshahi | Central Library, University of Rajshahi | Reading Room | 12/01/1972 | zeitlinger | 341 BRI V-4 1966 | 23/05/2022 | C-1 | Books |